| Tag |
First Indicator |
Second Indicator |
Subfields |
| LEADER |
00000cam a2200000 a 4500 |
| 001 |
in00004359608 |
| 005 |
20260123205408.6 |
| 006 |
m o d |
| 007 |
cr cn |
| 008 |
040821s2021 xx o eng |
| 020 |
|
|
|z 9781119785804
|
| 020 |
|
|
|z 9781119785859
|
| 024 |
8 |
|
|a 9781119785804
|
| 035 |
|
|
|a (CaSebORM)9781119785804
|
| 040 |
|
|
|d UtOrBLW
|
| 041 |
0 |
|
|a eng
|
| 100 |
1 |
|
|a Mohanty, Sachi,
|e author.
|
| 245 |
1 |
0 |
|a Machine Learning Approach for Cloud Data Analytics in IoT /
|c Mohanty, Sachi.
|
| 250 |
|
|
|a 1st edition.
|
| 264 |
|
1 |
|b Wiley-Scrivener,
|c 2021.
|
| 300 |
|
|
|a 1 online resource (528 pages)
|
| 336 |
|
|
|a text
|b txt
|2 rdacontent
|
| 337 |
|
|
|a computer
|b c
|2 rdamedia
|
| 338 |
|
|
|a online resource
|b cr
|2 rdacarrier
|
| 347 |
|
|
|a text file
|
| 365 |
|
|
|b 225.00
|
| 520 |
|
|
|a In this era of IoT, edge devices generate gigantic data during every fraction of a second. The main aim of these networks is to infer some meaningful information from the collected data. For the same, the huge data is transmitted to the cloud which is highly expensive and time-consuming. Hence, it needs to devise some efficient mechanism to handle this huge data, thus necessitating efficient data handling techniques. Sustainable computing paradigms like cloud and fog are expedient to capably handle the issues of performance, capabilities allied to storage and processing, maintenance, security, efficiency, integration, cost, energy and latency. However, it requires sophisticated analytics tools so as to address the queries in an optimized time. Hence, rigorous research is taking place in the direction of devising effective and efficient framework to garner utmost advantage. Machine learning has gained unmatched popularity for handling massive amounts of data and has applications in a wide variety of disciplines, including social media. Machine Learning Approach for Cloud Data Analytics in IoT details and integrates all aspects of IoT, cloud computing and data analytics from diversified perspectives. It reports on the state-of-the-art research and advanced topics, thereby bringing readers up to date and giving them a means to understand and explore the spectrum of applications of IoT, cloud computing and data analytics.
|
| 533 |
|
|
|a Electronic reproduction.
|b Boston, MA :
|c Safari,
|n Available via World Wide Web.
|d 2021.
|
| 538 |
|
|
|a Mode of access: World Wide Web.
|
| 542 |
|
|
|f Copyright © 2021 by John Wiley and Sons
|g 2021
|
| 550 |
|
|
|a Made available through: Safari, an O'Reilly Media Company.
|
| 588 |
0 |
|
|a Online resource; Title from title page (viewed July 27, 2021)
|
| 500 |
|
|
|a Electronic resource.
|
| 655 |
|
7 |
|a Electronic books.
|2 local
|
| 700 |
1 |
|
|a Chatterjee, Jyotir,
|e author.
|
| 700 |
1 |
|
|a Mangla, Monika,
|e author.
|0 http://id.loc.gov/authorities/names/no2021021596
|
| 700 |
1 |
|
|a Satpathy, Suneeta,
|e author.
|0 http://id.loc.gov/authorities/names/n2020006861
|
| 700 |
1 |
|
|a Potluri, Sirisha,
|e author.
|0 http://id.loc.gov/authorities/names/n2021055964
|
| 710 |
2 |
|
|a Safari, an O'Reilly Media Company.
|
| 856 |
4 |
0 |
|u https://proxy.library.tamu.edu/login?url=https://go.oreilly.com/TAMU/library/view/-/9781119785804/?ar
|z Connect to this electronic resource
|t 0
|
| 999 |
f |
f |
|s 480809dc-f92e-33c0-a6f3-fbc743afd0b2
|i 56bd8dd3-8093-356d-9c81-933de7861c6c
|t 0
|
| 952 |
f |
f |
|a Texas A&M University
|b College Station
|c Electronic Resources
|s www_evans
|d Available Online
|t 0
|h No information provided
|
| 998 |
f |
f |
|t 0
|l Available Online
|